00983nam a2200253 i 450000100060000000300090000600500170001500700030003200800410003510000300007624500820010625000150018826000340020330000220023749000290025965000290028870000500031783000370036785200320040485200320043699900170046895201220048595201220060762220ES-MaACL20250815170400.0t|031119s1965 sp ||||1| cat d1 aFederici, Tommaso.94906510aIsrael vivent / cTommaso Federici ; [traductor, Lluis López del Castillo]. a[1ª ed.]. aBarcelona : bEstela, c1965. a362 p. ; c20 cm.1 aConcili Vatica II ; v13 7aJudaísmo2embne9139661 aLópez del Castillo, Lluís, d1938-9736030 aConcili Vatica II ; v139182107 aES-MaACLjC-27678 bR.56268 aES-MaACLjC-26871 bR.56006 c62220d62220 00104070aATENEOMbATENEOMcDEPO2d2008-01-17eSCl0oC-26871p1065228r2023-02-23 00:00:00w2023-02-23yMONOGRAFIA 00104070aATENEOMbATENEOMcDEPO2d2008-01-17eSCl0oC-27678p1065227r2023-02-23 00:00:00w2023-02-23yMONOGRAFIA